Быстродействующая электроника для регистрации ядерных частиц

গ্রন্থ-পঞ্জীর বিবরন
অন্যান্য লেখক: Акимов Ю. К. Юрий Константинович (редактор), Дражнев М. Н., Колпаков И. Ф., Рыкалин В. И., Акимов Ю. К.
ভাষা:রুশ
প্রকাশিত: Москва, Атомиздат, 1970
বিষয়গুলি:
বিন্যাস: MixedMaterials গ্রন্থ
KOHA link:https://koha.lib.tpu.ru/cgi-bin/koha/opac-detail.pl?biblionumber=62512

MARC

LEADER 00000nam0a2200000 4500
001 62512
005 20231031063547.0
035 |a (RuTPU)RU\TPU\book\66313 
090 |a 62512 
100 |a 20040413d1970 km y0rusy50 ca 
101 0 |a rus 
102 |a RU 
105 |a a z 001zy 
200 1 |a Быстродействующая электроника для регистрации ядерных частиц   |f Ю. К. Акимов, М. Н. Дражнев, И. Ф. Колпаков, В. И. Рыкалин  |g Под ред. Ю. К. Акимова 
210 |a Москва  |c Атомиздат  |d 1970 
215 |a 416 с.  |c ил. 
320 |a Библиогр.: с. 388-411 
610 1 |a электроника 
610 1 |a ионизирующие излучения 
610 1 |a детекторы 
610 1 |a регистрация 
610 1 |a ядерные частицы 
610 1 |a фотоумножители 
610 1 |a наносекундные диапазоны 
610 1 |a схемы 
610 1 |a спектрометрические системы 
675 |a 539.1.074  |v 3 
675 |a 621.385  |v 3 
701 1 |a Акимов  |b Ю. К.  |g Юрий Константинович 
701 1 |a Дражнев  |b М. Н. 
701 1 |a Колпаков  |b И. Ф. 
701 1 |a Рыкалин  |b В. И. 
702 1 |a Акимов  |b Ю. К.  |4 340 
801 1 |a RU  |b 63413507  |c 20040413  |g PSBO 
801 2 |a RU  |b 63413507  |c 20150330  |g PSBO 
942 |c BK